Eugénie Grandet
Guardat en:
| Autor principal: | |
|---|---|
| Format: | Llibre |
| Idioma: | Undetermined |
| Publicat: |
Bélgica
CLE International
1996
|
| Matèries: | |
| Etiquetes: |
Afegir etiqueta
Sense etiquetes, Sigues el primer a etiquetar aquest registre!
|
MARC
| LEADER | 00000nam a2200000Ia 4500 | ||
|---|---|---|---|
| 008 | 170316s9999 xx 000 0 und d | ||
| 040 | |a cru BVZT | ||
| 090 | |a 840 B-2e | ||
| 100 | |a Balzac, Honoré de | ||
| 245 | |a Eugénie Grandet | ||
| 260 | |a Bélgica | ||
| 260 | |b CLE International | ||
| 260 | |c 1996 | ||
| 300 | |a 64 páginas | ||
| 650 | |a LITERATURA FRANCESA | ||
| 650 | |a LECTURES CLE EN FRANÇAIS FACILE (LECTURA FÁCIL) | ||
| 999 | |c 7519 |d 7519 | ||
| 942 | |c 15 D |h 840 B-2e |2 z | ||
